000 00911nam1a2200265 i 4500
001 RU\NLR\bibl\128189
005 20241102181719.0
035 _a(NLR Aleph) 000125583
090 _a716211
_c716211
100 _a20010115g19 9999u y0rusy50 ca
101 0 _arus
102 _aRU
105 _ay |||||||||
200 1 _aКонституции республик в составе Российской Федерации
_e[Сб.
_fСост., вступ. ст. к.ю.н. А.П. Любимова]
210 _aМ.
_cГос. Дума
_d2000
215 _d25
463 0 _1001124343
606 _aКонституции республик Российской Федерации
_91568155
_3RU\NLR\auth\66986588
686 _aХ620.12
702 1 _aЛюбимов
_bА. П.
_4220
801 0 _aRU
_bNLR
_c20010115
_gPSBO
801 1 _aRU
_bNLR
_c20010115
852 _aNLR
_j2000-7/2840
942 _cBOOK